Berarak Awan Cinta / (Record no. 189553)

MARC details
000 -LEADER
fixed length control field 01241pam a2200373 i 4500
001 - CONTROL NUMBER
control field vtls000821176
003 - CONTROL NUMBER IDENTIFIER
control field PNM
005 - DATE AND TIME OF LATEST TRANSACTION
control field 20221020115731.0
008 - FIXED-LENGTH DATA ELEMENTS--GENERAL INFORMATION
fixed length control field 170330s2017 my g 000 f may
015 ## - NATIONAL BIBLIOGRAPHY NUMBER
National bibliography number M17-07432
020 ## - INTERNATIONAL STANDARD BOOK NUMBER
International Standard Book Number 9789675289613
Qualifying information paperback
Terms of availability RM0.00
039 #9 - LEVEL OF BIBLIOGRAPHIC CONTROL AND CODING DETAIL [OBSOLETE]
Level of rules in bibliographic description 202112310831
Level of effort used to assign nonsubject heading access points anis_o
Level of effort used to assign subject headings 202112271223
Level of effort used to assign classification zainura
Level of effort used to assign subject headings 201803071701
Level of effort used to assign classification irfah
Level of effort used to assign subject headings 201803070952
Level of effort used to assign classification azeantie
040 ## - CATALOGING SOURCE
Original cataloging agency BNM
Language of cataloging eng
Transcribing agency BNM
Modifying agency PNM
-- PPAK
Description conventions rda
049 ## - LOCAL HOLDINGS (OCLC)
Holding library klpmal
082 04 - DEWEY DECIMAL CLASSIFICATION NUMBER
Classification number 899.2333
Edition number 23
090 00 - LOCALLY ASSIGNED LC-TYPE CALL NUMBER (OCLC); LOCAL CALL NUMBER (RLIN)
Classification number (OCLC) (R) ; Classification number, CALL (RLIN) (NR) 899.2333
Feature heading SYI
Feature heading G
100 0# - MAIN ENTRY--PERSONAL NAME
Personal name Syina Hamdan,
Dates associated with a name 1975-
Relator term author.
245 10 - TITLE STATEMENT
Title Berarak Awan Cinta /
Statement of responsibility, etc. Syina Hamdan
264 #1 - PRODUCTION, PUBLICATION, DISTRIBUTION, MANUFACTURE, AND COPYRIGHT NOTICE
Place of production, publication, distribution, manufacture Johor Bahru, Johor :
Name of producer, publisher, distributor, manufacturer Intens Idea International Sdn Bhd,
Date of production, publication, distribution, manufacture, or copyright notice [2017?]
300 ## - PHYSICAL DESCRIPTION
Extent 817 pages :
Dimensions 18 cm
336 ## - CONTENT TYPE
Content type term text
Source rdacontent
337 ## - MEDIA TYPE
Media type term unmediated
Source rdamedia
338 ## - CARRIER TYPE
Carrier type term volume
Source rdacarrier
530 ## - ADDITIONAL PHYSICAL FORM AVAILABLE NOTE
Additional physical form available note Also available in online version
650 10 - SUBJECT ADDED ENTRY--TOPICAL TERM
Topical term or geographic name entry element Malaysian fiction (Malay)
Topical term or geographic name entry element Malay fiction
776 18 - ADDITIONAL PHYSICAL FORM ENTRY
Relationship information Reproduced as (manifestation):
Main entry heading Syina Hamdan, 1975-
Title BERARAK AWAN Cinta
Record control number (PNM)000939971
942 ## - ADDED ENTRY ELEMENTS (KOHA)
Source of classification or shelving scheme Dewey Decimal Classification
Koha item type Book
949 ## - LOCAL PROCESSING INFORMATION (OCLC)
6 2000477752
a 899.2333 SYI M
6 2000477751
a 899.2333 SYI M
6 1001388488
s 6700:20200123
6 1001388489
6 1001388490
Holdings
Withdrawn Not for loan Current library Shelving location Date acquired Total Checkouts Full call number Barcode Date last seen Date last checked out Koha item type
    Perpustakaan Alor Setar Pinjaman Dewasa 08/12/2022 5 899.2333 SYI A00746794 24/11/2024 20/11/2024 Book